LEADER 00824nam a2200241 i 4500 001 991004373131007536 005 20250325142007.0 008 250325s1997 it er 001 0 ita d 020 $a8842051969 040 $aBibl. Dip.le Aggr. Scienze Giuridiche - Sez. Studi Giuridici$bita$cSocioculturale Scs 041 0 $aita 082 04$a963.$223 245 00$aAdua :$ble ragioni di una sconfitta /$cD. Adorni ... [et al.] ; a cura di Angelo Del Boca 260 $aRoma ;$aBari :$bLaterza,$c1997 300 $a468 p. ;$c21 cm 490 1 $aQuadrante ;$v89 650 4$aBattaglia di Adua.1896$vSaggi 700 1 $aAdorni, Daniela$eauthor$4http://id.loc.gov/vocabulary/relators/aut$0167097 700 1 $aDel Boca, Angelo 830 0$aQuadrante ;$v89 912 $a991004373131007536 996 $aAdua$94342480 997 $aUNISALENTO